[Event "GER-ch U18 sf Berlin Online"]
[Site "Playchess.com INT"]
[Date "2020.05.01"]
[Round "1"]
[White "Roos Nazario, Lukas"]
[Black "Doeding, Alexander Karsten"]
[Result "0-1"]
[WhiteElo "1544"]
[BlackElo "1620"]
[PlyCount "96"]
[EventDate "2020.05.01"]
[EventType "swiss (blitz)"]
[EventRounds "13"]
[EventCountry "GER"]
[SourceTitle "CBM 195 Extra"]
[Source "ChessBase"]
[SourceDate "2020.05.31"]
[SourceVersion "1"]
[SourceVersionDate "2020.05.31"]
[SourceQuality "1"]

1. e4 e5 2. Nf3 Nc6 3. Nc3 Bc5 4. Bc4 Nf6 5. d3 d6 6. Be3 Bxe3 7. fxe3 Be6 8. Nd5 Bxd5 9. Bxd5 Nxd5 10. exd5 Ne7 11. e4 0-0 12. 0-0 Ng6 13. Qe1 Nf4 14. Qf2 Qf6 15. Nd2 Qg6 16. g3 Nh3+ 17. Kg2 Nxf2 18. Rxf2 f5 19. exf5 Rxf5 20. Nf3 Raf8 21. Raf1 Qh5 22. h3 Qh6 23. g4 Rg5 24. Nxg5 Rxf2+ 25. Rxf2 Qxg5 26. Rf5 Qd2+ 27. Rf2 Qe3 28. Rf3 Qe2+ 29. Rf2 Qe3 30. Rf3 Qd4 31. c4 Qxb2+ 32. Rf2 Qc3 33. Rf3 a5 34. d4 Qxd4 35. Kg3 Qxc4 36. g5 Qxa2 37. h4 Qxd5 38. h5 Qc5 39. g6 hxg6 40. hxg6 a4 41. Rf7 Qg1+ 42. Kf3 Qxg6 43. Rxc7 a3 44. Rc8+ Kh7 45. Ra8 Qd3+ 46. Kf2 Qc2+ 47. Kf3 a2 48. Ra4 Qxa4 0-1

[Event "GER-ch Net Amateur Gr-C Final"]
[Site "Playchess.com INT"]
[Date "2020.04.18"]
[Round "1"]
[White "Hockenjos, Marius"]
[Black "Roos Nazario, Lukas"]
[Result "1/2-1/2"]
[WhiteElo "1695"]
[BlackElo "1509"]
[PlyCount "149"]
[EventDate "2020.04.18"]
[EventType "swiss (blitz)"]
[EventRounds "13"]
[EventCountry "GER"]
[SourceTitle "CBM 195 Extra"]
[Source "ChessBase"]
[SourceDate "2020.05.31"]
[SourceVersion "1"]
[SourceVersionDate "2020.05.31"]
[SourceQuality "1"]

1. e4 e5 2. Nc3 Nc6 3. Bc4 Nf6 4. d3 Bc5 5. f4 d6 6. Na4 Bb6 7. Nxb6 axb6 8. Nf3 Be6 9. Bxe6 fxe6 10. fxe5 Nxe5 11. Nxe5 dxe5 12. 0-0 0-0 13. Bg5 Qe7 14. Qd2 h6 15. Bh4 Rf7 16. a3 Raf8 17. h3 Qd6 18. Bxf6 Rxf6 19. Rxf6 Rxf6 20. Rf1 Qd4+ 21. Rf2 Rxf2 22. Qxf2 Qxb2 23. Qf3 Qxa3 24. Qh5 Qc1+ 25. Kh2 Qxc2 26. Qe8+ Kh7 27. Qxe6 Qxd3 28. Qf5+ Kg8 29. Qc8+ Kh7 30. Qf5+ Kg8 31. Qc8+ Kf7 32. Qf5+ Ke8 33. Qxe5+ Kd8 34. Qxg7 Qxe4 35. Qxh6 Qe5+ 36. Kh1 Qd6 37. Qh8+ Kd7 38. Qh7+ Kc6 39. Qc2+ Qc5 40. Qg6+ Kb5 41. Qb1+ Qb4 42. Qf5+ c5 43. Qd7+ Ka6 44. Qd3+ c4 45. Qe2 Ka5 46. Qa2+ Qa4 47. Qd2+ Qb4 48. Qa2+ Kb5 49. Qe2 Ka4 50. Qa2+ Kb5 51. Qe2 Qb1+ 52. Kh2 Kb4 53. Qd2+ c3 54. Qd4+ Kb3 55. Qxb6+ Kc2 56. Qf2+ Kb3 57. Qb6+ Ka2 58. Qa5+ Kb2 59. Qb5+ Kc1 60. Qf1+ Kd2 61. Qf2+ Kd3 62. Qf5+ Kd2 63. Qxb1 c2 64. Qb4+ Kc1 65. Qc3 Kb1 66. Qb3+ Kc1 67. h4 b5 68. h5 b4 69. Qxb4 Kd1 70. Qd4+ Kc1 71. h6 Kb1 72. Qb4+ Ka1 73. Qc3+ Kb1 74. Qb3+ Ka1 75. Qxc2 1/2-1/2

[Event "GER-ch Net Amateur Gr-C Final"]
[Site "Playchess.com INT"]
[Date "2020.04.18"]
[Round "6"]
[White "Roos Nazario, Lukas"]
[Black "Fleischmann, Theo"]
[Result "1-0"]
[WhiteElo "1509"]
[BlackElo "1591"]
[PlyCount "113"]
[EventDate "2020.04.18"]
[EventType "swiss (blitz)"]
[EventRounds "13"]
[EventCountry "GER"]
[SourceTitle "CBM 195 Extra"]
[Source "ChessBase"]
[SourceDate "2020.05.31"]
[SourceVersion "1"]
[SourceVersionDate "2020.05.31"]
[SourceQuality "1"]

1. e4 c6 2. d4 d5 3. exd5 cxd5 4. Nc3 Nc6 5. Nf3 Bg4 6. Be3 Nf6 7. Be2 e6 8. 0-0 a6 9. h3 Bxf3 10. Bxf3 Bd6 11. Re1 0-0 12. Bg5 Rc8 13. Qe2 Nxd4 14. Qd2 Nc6 15. Rad1 Bb8 16. Qe3 Qc7 17. g3 Rfe8 18. Bxf6 gxf6 19. Qh6 Qd8 20. Bh5 f5 21. Ne2 Be5 22. Nf4 Bxf4 23. gxf4 Qe7 24. Kh2 Kh8 25. Rg1 Rg8 26. Rg2 Rxg2+ 27. Kxg2 Rg8+ 28. Kh2 Nb4 29. c3 Nc6 30. Rd3 Nd8 31. Rg3 Rxg3 32. fxg3 Nc6 33. h4 Na5 34. b4 Nc4 35. Qg5 Qxg5 36. hxg5 Ne3 37. Bxf7 Ng4+ 38. Kh3 Ne3 39. Bxe6 Kg7 40. Kh2 h5 41. Kg1 Kg6 42. Kf2 Nc4 43. Bxd5 Nb6 44. Bxb7 h4 45. gxh4 Kh5 46. Bxa6 Kxh4 47. g6 Nd7 48. g7 Nf6 49. Bc4 Kg4 50. g8Q+ Nxg8 51. Bxg8 Kxf4 52. c4 Ke5 53. c5 f4 54. a4 f3 55. a5 Kf6 56. a6 Ke7 57. a7 1-0

[Event "GER-ch Net Amateur Gr-C Final"]
[Site "Playchess.com INT"]
[Date "2020.04.18"]
[Round "12"]
[White "Roos Nazario, Lukas"]
[Black "Kosak, Karolina"]
[Result "0-1"]
[WhiteElo "1509"]
[BlackElo "1410"]
[PlyCount "98"]
[EventDate "2020.04.18"]
[EventType "swiss (blitz)"]
[EventRounds "13"]
[EventCountry "GER"]
[SourceTitle "CBM 195 Extra"]
[Source "ChessBase"]
[SourceDate "2020.05.31"]
[SourceVersion "1"]
[SourceVersionDate "2020.05.31"]
[SourceQuality "1"]

1. e4 e5 2. Nc3 Nc6 3. Nf3 Nf6 4. Bc4 Nxe4 5. Nxe4 d5 6. Bxd5 Qxd5 7. Nc3 Qd8 8. d3 Bc5 9. Be3 Bxe3 10. fxe3 0-0 11. 0-0 Bg4 12. Qe1 Re8 13. Qg3 Qd7 14. h3 Bh5 15. Ng5 f6 16. Nge4 Bg6 17. Rad1 Rad8 18. Nc5 Qc8 19. Rf3 b6 20. N5e4 b5 21. h4 b4 22. Ne2 Bxe4 23. dxe4 Rxd1+ 24. Kh2 Qe6 25. h5 Rd2 26. h6 g6 27. Ng1 Rxc2 28. Nh3 Rxb2 29. Qh4 Rf8 30. Kg3 Rxa2 31. Kh2 b3 32. Qe1 b2 33. Qb1 Rb8 34. Rf1 Ra1 35. Qxa1 bxa1Q 36. Rxa1 Rb2 37. Rc1 a5 38. Rd1 a4 39. Ra1 Ra2 40. Rb1 a3 41. Rb7 Qd6 42. Rb1 Rb2 43. Ra1 a2 44. Ng1 Qd2 45. Ne2 Qxe2 46. Kg3 Qxg2+ 47. Kh4 Qh2+ 48. Kg4 Rg2+ 49. Kf3 Qh3# 0-1

[Event "GER-ch Net Amateur Gr-C Final"]
[Site "Playchess.com INT"]
[Date "2020.04.18"]
[Round "10"]
[White "Roos Nazario, Lukas"]
[Black "Radeke, Rico"]
[Result "0-1"]
[WhiteElo "1509"]
[BlackElo "1431"]
[PlyCount "112"]
[EventDate "2020.04.18"]
[EventType "swiss (blitz)"]
[EventRounds "13"]
[EventCountry "GER"]
[SourceTitle "CBM 195 Extra"]
[Source "ChessBase"]
[SourceDate "2020.05.31"]
[SourceVersion "1"]
[SourceVersionDate "2020.05.31"]
[SourceQuality "1"]

1. e4 c5 2. Bc4 d6 3. Nc3 Nc6 4. Nf3 Nf6 5. d3 g6 6. Be3 Bg7 7. 0-0 0-0 8. Rb1 Ng4 9. h3 Nxe3 10. fxe3 Bd7 11. Nd5 e6 12. Nf4 Ne5 13. Nxe5 Bxe5 14. Qf3 b5 15. Bb3 a5 16. a3 a4 17. Ba2 b4 18. Rfd1 bxa3 19. bxa3 Qc7 20. d4 Bf6 21. Nh5 gxh5 22. Qxf6 Qd8 23. Qh6 Kh8 24. Rf1 Be8 25. Rf4 Rg8 26. Rh4 Qxh4 27. dxc5 dxc5 28. Rf1 Qg5 29. Rf6 Qxh6 30. Rxh6 Rg5 31. Bb1 Rb8 32. Ba2 Rb2 33. Bc4 Rxc2 34. Bd3 Rcxg2+ 35. Kf1 Rg6 36. Rxh5 Rg1+ 37. Kf2 R6g2+ 38. Kf3 f5 39. exf5 Bxh5+ 40. Kf4 exf5 41. Bxf5 Rf1+ 42. Ke4 Bg6 43. Bxg6 hxg6 44. h4 Kg7 45. h5 gxh5 46. Ke5 Kf7 47. e4 Rg5+ 48. Kd6 Rf6+ 49. Kc7 h4 50. Kd7 h3 51. Kd8 h2 52. Kd7 h1Q 53. e5 Qd5+ 54. Kc7 Qc6+ 55. Kb8 Rg8+ 56. Ka7 Qa6# 0-1

[Event "GER-ch Net Amateur Gr-C Final"]
[Site "Playchess.com INT"]
[Date "2020.04.18"]
[Round "4"]
[White "Slotta, Nico"]
[Black "Roos Nazario, Lukas"]
[Result "1-0"]
[WhiteElo "1597"]
[BlackElo "1509"]
[PlyCount "71"]
[EventDate "2020.04.18"]
[EventType "swiss (blitz)"]
[EventRounds "13"]
[EventCountry "GER"]
[SourceTitle "CBM 195 Extra"]
[Source "ChessBase"]
[SourceDate "2020.05.31"]
[SourceVersion "1"]
[SourceVersionDate "2020.05.31"]
[SourceQuality "1"]

1. e4 e5 2. Nf3 Nc6 3. d4 exd4 4. Nxd4 Nxd4 5. Qxd4 d6 6. Nc3 Be7 7. Qd1 Nf6 8. Bd3 0-0 9. 0-0 Be6 10. Be3 a6 11. Qe2 Re8 12. Rad1 c6 13. Rfe1 Qc7 14. Bf4 Qd7 15. Qd2 Red8 16. Qe3 Ng4 17. Qg3 h6 18. h3 Nf6 19. Bxh6 g6 20. Bg5 Nh5 21. Qe3 Bxg5 22. Qxg5 Kg7 23. Be2 Rh8 24. e5 Rh7 25. Rxd6 Qc8 26. Bxh5 Rxh5 27. Qf6+ Kf8 28. Red1 Qc7 29. Rd8+ Rxd8 30. Rxd8+ Qxd8 31. Qxd8+ Kg7 32. Qf6+ Kf8 33. Ne4 Rf5 34. Qh8+ Ke7 35. Qh4+ Kd7 36. Nc5+ 1-0

[Event "GER-ch Net Amateur Gr-C Vor3"]
[Site "Playchess.com INT"]
[Date "2020.04.16"]
[Round "6"]
[White "Habinski, David"]
[Black "Roos Nazario, Lukas"]
[Result "1-0"]
[WhiteElo "1508"]
[BlackElo "1562"]
[PlyCount "87"]
[EventDate "2020.04.16"]
[EventType "swiss (blitz)"]
[EventRounds "9"]
[EventCountry "GER"]
[SourceTitle "CBM 195 Extra"]
[Source "ChessBase"]
[SourceDate "2020.05.31"]
[SourceVersion "1"]
[SourceVersionDate "2020.05.31"]
[SourceQuality "1"]

1. e4 e5 2. Nf3 Nc6 3. Bc4 Nf6 4. Ng5 d5 5. exd5 Na5 6. Bb3 Nxb3 7. axb3 Nxd5 8. Qf3 Qxg5 9. Qxd5 Bd6 10. d3 Qg6 11. Be3 c6 12. Qf3 0-0 13. 0-0 Be6 14. Nc3 Rad8 15. Ne4 f5 16. Nxd6 Rxd6 17. Bc5 e4 18. Qe3 f4 19. Qxe4 Bf5 20. Qc4+ Be6 21. Qc3 Bh3 22. g3 Bxf1 23. Rxf1 f3 24. Bxd6 Qxd6 25. Re1 Qh6 26. Qc4+ Kh8 27. Qh4 Qd2 28. Qe7 Rg8 29. Qe3 Qxc2 30. Qxa7 Qxd3 31. Qxb7 Qd2 32. Rf1 Re8 33. Qxc6 h6 34. Qxe8+ Kh7 35. Qe4+ Kh8 36. Qe3 Qxb2 37. Qe8+ Kh7 38. Qe4+ Kh8 39. Qxf3 Qa3 40. Kg2 Qb4 41. Rd1 Kh7 42. Qf5+ Kg8 43. Rd8+ Qf8 44. Rxf8# 1-0

[Event "GER-ch Net Amateur Gr-C Vor3"]
[Site "Playchess.com INT"]
[Date "2020.04.16"]
[Round "7"]
[White "Roos Nazario, Lukas"]
[Black "Foeing, Sebastian"]
[Result "1-0"]
[WhiteElo "1544"]
[BlackElo "1413"]
[PlyCount "53"]
[EventDate "2020.04.16"]
[EventType "swiss (blitz)"]
[EventRounds "9"]
[EventCountry "GER"]
[SourceTitle "CBM 195 Extra"]
[Source "ChessBase"]
[SourceDate "2020.05.31"]
[SourceVersion "1"]
[SourceVersionDate "2020.05.31"]
[SourceQuality "1"]

1. e4 e5 2. Nc3 Nf6 3. Nf3 Nc6 4. Bc4 Nxe4 5. Nxe4 d5 6. Bxd5 Qxd5 7. Nc3 Qd7 8. d3 Nd4 9. Nxd4 exd4 10. Qe2+ Be7 11. Ne4 Qc6 12. Bf4 0-0 13. 0-0 f5 14. Ng5 Bxg5 15. Bxg5 Qg6 16. Bf4 b6 17. Bxc7 f4 18. Qf3 Bg4 19. Qd5+ Be6 20. Qe4 Bf5 21. Qe2 Kh8 22. Bxf4 Bg4 23. f3 Rxf4 24. fxg4 Rxg4 25. Rf2 h6 26. Qf3 Kh7 27. Qxa8 1-0

[Event "Bad Soden U14 op"]
[Site "Bad Soden"]
[Date "2019.10.06"]
[Round "9"]
[White "Tychyna, Margarita"]
[Black "Roos Nazario, Lukas"]
[Result "1-0"]
[WhiteElo "1088"]
[BlackElo "807"]
[PlyCount "45"]
[EventDate "2019.10.03"]
[EventType "swiss"]
[EventRounds "9"]
[EventCountry "GER"]
[SourceTitle "CBM 192 Extra"]
[Source "Chessbase"]
[SourceDate "2019.11.06"]
[SourceVersion "1"]
[SourceVersionDate "2019.11.06"]
[SourceQuality "1"]

1. e4 e5 2. Nf3 Nc6 3. d4 Bd6 4. d5 Nce7 5. Nc3 c6 6. dxc6 Nxc6 7. Bc4 Nf6 8. Qxd6 Qb6 9. Nxe5 Nxe5 10. Qxe5+ Kd8 11. Bxf7 Ng4 12. Qg5+ Qf6 13. Qxg4 Qxf7 14. 0-0 d5 15. Qg5+ Ke8 16. Nxd5 h6 17. Qg3 b6 18. Nc7+ Ke7 19. Nxa8 Ba6 20. Rd1 Qc4 21. Qe5+ Kf7 22. Rd7+ Kg8 23. Qxg7# 1-0

[Event "Bad Soden U14 op"]
[Site "Bad Soden"]
[Date "2019.10.05"]
[Round "7"]
[White "Pueschel Esparza, Mateo"]
[Black "Roos Nazario, Lukas"]
[Result "1/2-1/2"]
[WhiteElo "1085"]
[BlackElo "807"]
[PlyCount "40"]
[EventDate "2019.10.03"]
[EventType "swiss"]
[EventRounds "9"]
[EventCountry "GER"]
[SourceTitle "CBM 192 Extra"]
[Source "Chessbase"]
[SourceDate "2019.11.06"]
[SourceVersion "1"]
[SourceVersionDate "2019.11.06"]
[SourceQuality "1"]

1. d4 d5 2. Bf4 Nc6 3. e3 Nf6 4. Nf3 e6 5. Bd3 Be7 6. 0-0 Nh5 7. Be5 Nxe5 8. Nxe5 Nf6 9. Qf3 0-0 10. Nd2 g6 11. Qh3 Nd7 12. Ndf3 Bd6 13. Nxd7 Bxd7 14. Ne5 Bc8 15. c3 f6 16. Nf3 e5 17. Qh6 e4 18. Bc2 exf3 19. Bxg6 hxg6 20. Qxg6+ Kh8 1/2-1/2

[Event "Bad Soden sim2"]
[Site "Bad Soden"]
[Date "2019.10.03"]
[Round "1.22"]
[White "Keymer, Vincent"]
[Black "Roos Nazario, Lukas"]
[Result "1-0"]
[WhiteElo "2506"]
[BlackElo "844"]
[PlyCount "54"]
[EventDate "2019.10.03"]
[EventType "simul"]
[EventRounds "1"]
[EventCountry "GER"]
[SourceTitle "EXT 2021"]
[Source "ChessBase"]
[SourceDate "2020.10.23"]
[SourceVersion "1"]
[SourceVersionDate "2020.10.23"]
[SourceQuality "1"]

1. d4 d5 2. c4 e6 3. Nc3 Nf6 4. cxd5 exd5 5. Bg5 Be7 6. e3 Be6 7. Bd3 0-0 8. Nge2 Nbd7 9. Nf4 g6 10. Nxe6 fxe6 11. h4 Kg7 12. h5 Rh8 13. g4 Nf8 14. Qc2 Rb8 15. 0-0-0 Ra8 16. hxg6 Nxg6 17. Bh6+ Kf7 18. f4 Bf8 19. f5 Ne7 20. g5 Ng4 21. g6+ hxg6 22. fxg6+ Kg8 23. Rdf1 Nf5 24. Bxf5 Bxh6 25. Bxg4 Bxe3+ 26. Kb1 Rxh1 27. Rxh1 Bxd4 1-0